| 000 | 01851cam a2200313 4500 | ||
|---|---|---|---|
| 008 | 090401t1996 xxu||||| |||| 00| 0 eng d | ||
| 020 | _a0471966126 | ||
| 035 | _a(Sirsi) u50987 | ||
| 041 | _aeng | ||
| 050 | _a333.72072 | ||
| 245 | 4 | _aThe environmental impact of land and property management. | |
| 260 |
_aChichester _bJohn Wiley & Sons _c1996 |
||
| 300 | _a196p. ; 21cm. | ||
| 350 | _a45 | ||
| 520 | _aPublished by John Wiley on behalf of the RICS. A collection of papers presenting the findings of the RICS Environmental Research Programme 1994/1995. Ranging from the valuation of contaminated land to coastal zone planning, these papers explore the environmental issues currently facing the property profession. CONTENTS: Introduction : The environmental impact of land and property management. - RYDIN, Y. / Sustainable land management and development: the role of the rural chartered surveyor. - MARKWELL, S & RAVENSCROFT, N. / The involvement of developers in local agenda 21 / DARLOW, A. & CARTER, N. / An investigation into the application of quantity surveying skills in the cost management of environmental issues. - PASQUIRE, C. / Who greens the housing market? - BHATTI, M. & SARNO, C. / The effect of the new energy conservation regulations on the design, cost and energy consuption of refurbished buildings. - DIXON, S. / The valuation of contaminated land and property. - DIXON, T. & RI | ||
| 650 | _aCONTAMINATED LAND | ||
| 650 | _aENERGY CONSERVATION | ||
| 650 | _aENVIRONMENTAL IMPACT | ||
| 650 | _aENVIRONMENTAL RESEARCH | ||
| 650 | _aGREEN ISSUES | ||
| 650 | _aRICS ENVIRONMENTAL RESEARCH PROGRAMME | ||
| 650 | _aSURVEYORS | ||
| 650 |
_aSustainability _96271 |
||
| 650 | _aSUSTAINABLE DEVELOPMENT | ||
| 690 |
_aEnvironment _96238 |
||
| 700 |
_aRydin, Yvonne _xEditor |
||
| 942 | _n0 | ||
| 948 | _c04/03/1997 | ||
| 999 |
_c92790 _d92790 |
||